| 000 | 00648nam a22002177a 4500 | ||
|---|---|---|---|
| 003 | UA-OsUOA | ||
| 001 | 72768 | ||
| 007 | ta | ||
| 008 | 20110127b un ||||| |||| 00| 0 ukr d | ||
| 100 | _aШамаева Н.Н. | ||
| 090 |
_a330 _bШ19 |
||
| 942 | _cSA | ||
| 040 |
_aUA-OsUOA _brus _cUA-OsUOA _dUA-OsUOA |
||
| 245 | _aОценка и обучение персоанала как основа проффесионального развития в современной организации | ||
| 300 | _aС.7-28 | ||
| 955 | _a0 | ||
| 041 | _arus | ||
| 080 | _a330 | ||
| 773 | 0 | _w72767 | |
| 650 | 7 |
_a330 Економіка взагалі _2UDC |
|
| 999 |
_c359052 _d359052 |
||